书目信息 |
| 题名: |
德奥近代艺术歌曲选
|
|
| 作者: | 周文楠 选编、译配 | |
| 分册: | ||
| 出版信息: | 北京 人民音乐出版社 2006 |
|
| 页数: | 192页 | |
| 开本: | 30cm | |
| 丛书名: | ||
| 单 册: | ||
| 中图分类: | J652.5(516) , J652.5(521) , J652.5 | |
| 科图分类: | ||
| 主题词: | 艺术歌曲--德国--近代--选集 , 艺术歌曲 , 艺术歌曲--奥地利--近代--选集 | |
| 电子资源: | ||
| ISBN: | 7-103-03062-6 | |
| 000 | 01026ncm0 2200289 450 | |
| 001 | 003194605 | |
| 005 | 20070807085106.60 | |
| 010 | @a7-103-03062-6@dCNY27.00 | |
| 100 | @a20060710d2006 em y0chiy0110 ea | |
| 101 | 0 | @achi |
| 102 | @aCN@b110000 | |
| 105 | @ay z 000yy | |
| 200 | 1 | @a德奥近代艺术歌曲选@9de ao jin dai yi shu ge qu xuan@f周文楠选编、译配 |
| 210 | @a北京@c人民音乐出版社@d2006 | |
| 215 | @a192页@d30cm | |
| 312 | @a封面英文题名:Selected modern songs of Germany and Austria | |
| 330 | @a本书精选了德奥这一时期五位作曲家的作品,包括沃尔夫的作品10首、马勒的作品9首、施特劳斯的作品19首、策姆林斯基的作品3首、雷格尔的作品14首。 | |
| 510 | 1 | @aSelected modern songs of Germany and Austria@zeng |
| 606 | 0 | @a艺术歌曲@y德国@z近代@j选集 |
| 606 | 0 | @a艺术歌曲 |
| 606 | 0 | @a艺术歌曲@y奥地利@z近代@j选集 |
| 690 | @aJ652.5(516)@v4 | |
| 690 | @aJ652.5(521)@v4 | |
| 690 | @aJ652.5@v3 | |
| 701 | 0 | @a周文楠@9zhou wen nan@c(音乐)@4选编、译配 |
| 801 | 0 | @aCN@bNLC@c20070807 |
| 905 | @a10447@dJ652.5@e468 | |
| 德奥近代艺术歌曲选/周文楠选编、译配.-北京:人民音乐出版社,2006 |
| 192页;30cm |
| ISBN 7-103-03062-6:CNY27.00 |
| 本书精选了德奥这一时期五位作曲家的作品,包括沃尔夫的作品10首、马勒的作品9首、施特劳斯的作品19首、策姆林斯基的作品3首、雷格尔的作品14首。 |
| ● |
| 相关链接 |
|
|
|
|
正题名:德奥近代艺术歌曲选
索取号:J652.5/468
 
预约/预借
| 序号 | 登录号 | 条形码 | 馆藏地/架位号 | 状态 | 备注 |
| 1 | 0802344 | 208023440 | 第一样本阅览室/ [索取号:J652.5/468] | 在馆 | |
| 2 | 0802345 | 208023459 | 第一借阅区/ [索取号:J652.5/468] | 在馆 | |
| 3 | 0802346 | 208023468 | 第一借阅区/ [索取号:J652.5/468] | 在馆 | |
| 4 | 0802347 | 208023477 | 第一借阅区/ [索取号:J652.5/468] | 在馆 | |
| 5 | 0802348 | 208023486 | 音乐系资料室/ [索取号:J652.5/468] | 在馆 |